000 00727cam a2200241u 4500
999 _c528268
_d528268
001 7764589
003 NUST
005 20190905064812.0
008 830523s1913 nyua 000 0 eng
010 _a 13001621
038 _aMSOHAIL
040 _aDLC
_cCarP
_dDLC
050 0 0 _aTF200
_b.C9
082 _a625.1
_bDOA
100 1 _aHQ, Dept of Army
_919979
245 0 0 _aRailroad construction,
260 _aNew York [etc.]
_bHQ, Dept of Army
_c1970.
300 _aviii, 370 p.
_billus., tables. diagrs.
_c24 cm.
650 0 _aRailroads
_xDesign and construction.
_919980
700 1 _aBarnes, Fred Asa, [from old catalog]
_ejoint author.
_919981
906 _a0
_bcbc
_cpremunv
_du
_encip
_f19
_gy-gencatlg
942 _2ddc
_cBK